000 01274cad a22002535a 4500
001 E147896
008 090629s2009 xxk f s000 0 eng d
035 _a(Sirsi) u147896
041 0 _aeng
110 2 _aScotland
_kLaws, etc
245 0 4 _aThe Town and Country Planning (Charges for Publication of Notices) (Scotland) Regulations 2009
_h[electronic resource]
260 _aEdinburgh
_bScottish Government
_c2009
490 0 _aScottish Statutory Instrument
_v2009: 257
520 _aThese Regulations relate to planning authorities recovering the cost of publishing a notice in a newspaper in accordance with regulation 20(1) of the Town and Country Planning (Development Management Procedure) (Scotland) Regulations 2008.
520 _aComes into force 3 August 2009.
521 _aAdvanced
590 _aKA
650 2 4 _aTOWN AND COUNTRY PLANNING (CHARGES FOR PUBLICATION OF NOTICES) (SCOTLAND) REGULATIONS 2009
650 2 4 _aTOWN AND COUNTRY PLANNING (DEVELOPMENT MANAGEMENT PROCEDURE) (SCOTLAND) REGULATIONS 2008
651 4 _aScotland
_y1999-
690 _aPlanning and development
_96259
856 4 0 _uhttps://www.opsi.gov.uk/legislation/scotland/ssi2009/ssi_20090257_en_1
_zView the statutory instrument free of charge at www.opsi.gov.uk...
942 _n0
999 _c109771
_d109771